Predictive validity of some psychological factors for success in science courses (Record no. 18358)
[ view plain ]
| 000 -LEADER | |
|---|---|
| fixed length control field | 00788nam a2200217Ia 4500 |
| 082 ## - DEWEY DECIMAL CLASSIFICATION NUMBER | |
| Classification number | TM.0263 |
| 100 ## - MAIN ENTRY--AUTHOR NAME | |
| Personal name | Mathur, Govind Narain |
| 245 #0 - TITLE STATEMENT | |
| Title | Predictive validity of some psychological factors for success in science courses |
| 260 ## - PUBLICATION, DISTRIBUTION, ETC. (IMPRINT) | |
| Year of publication | 1971 |
| Name of publisher | University of Udaipur |
| 300 ## - PHYSICAL DESCRIPTION | |
| Number of Pages | 212p. + C D -28 |
| 650 ## - SUBJECT ADDED ENTRY--TOPICAL TERM | |
| Topical Term | NATURAL SCIENCE//SCIENCE - STUDY AND TEACHING |
| 650 ## - SUBJECT ADDED ENTRY--TOPICAL TERM | |
| Topical Term | DISCOVERIES (IN SCIENCE)//SCIENCE - STUDY AND TEACHING |
| 650 ## - SUBJECT ADDED ENTRY--TOPICAL TERM | |
| Topical Term | HIGH SCHOOL STUDENTS - RAJASTHAN - AJMER |
| 650 ## - SUBJECT ADDED ENTRY--TOPICAL TERM | |
| Topical Term | SCIENCE - STUDY AND TEACHING - RAJASTHAN - AJMER |
| 650 ## - SUBJECT ADDED ENTRY--TOPICAL TERM | |
| Topical Term | EDUCATION, SCIENTIFIC//SCIENCE - STUDY AND TEACHING |
| 650 ## - SUBJECT ADDED ENTRY--TOPICAL TERM | |
| Topical Term | PREDICTION (PSYCHOLOGY) |
| 650 ## - SUBJECT ADDED ENTRY--TOPICAL TERM | |
| Topical Term | PREDICTION (PSYCHOLOGY) |
| 650 ## - SUBJECT ADDED ENTRY--TOPICAL TERM | |
| Topical Term | SCIENCE OF SCIENCE//SCIENCE |
| 710 ## - ADDED ENTRY--CORPORATE NAME | |
| Corporate name or jurisdiction name as entry element | Dave, Indu |
| 942 ## - ADDED ENTRY ELEMENTS (KOHA) | |
| Koha item type | Thesis |
| Source of classification or shelving scheme | Dewey Decimal Classification |
| Withdrawn status | Lost status | Damaged status | Not for loan | Home library | Current library | Date acquired | Full call number | Accession Number | Price effective from | Koha item type |
|---|---|---|---|---|---|---|---|---|---|---|
| NASSDOC Library | NASSDOC Library | 08/10/2004 | TM.0263 | 6596 | 18/04/2019 | Books | ||||
| NASSDOC Library | NASSDOC Library | 08/10/2004 | TM.0263 | 6966 | 18/04/2019 | Thesis |
